<?xml version="1.0" encoding="UTF-8"?>
<collection xmlns="http://www.loc.gov/MARC21/slim">
  <record>
    <leader>00000nam  2200000   4500</leader>
    <controlfield tag="001">INLIS000000000002096</controlfield>
    <controlfield tag="005">20180724144114</controlfield>
    <controlfield tag="008">180724|||||||||   |   |||   |||| ||   | </controlfield>
    <datafield tag="035" ind1=" " ind2=" ">
      <subfield code="0">010-0718002096</subfield>
    </datafield>
    <datafield tag="041" ind1=" " ind2=" ">
      <subfield code="a">id</subfield>
    </datafield>
    <datafield tag="082" ind1=" " ind2=" ">
      <subfield code="a">R. 07 PIM I 2016</subfield>
    </datafield>
    <datafield tag="090" ind1=" " ind2=" ">
      <subfield code="a">R. 07 PIM I 2016</subfield>
    </datafield>
    <datafield tag="100" ind1=" " ind2=" ">
      <subfield code="a">Atrial</subfield>
    </datafield>
    <datafield tag="245" ind1=" " ind2=" ">
      <subfield code="a">Sinergitas Layanan Rehabilitasi Komprehensif Rawan Inap Pecandu/Penyalah Guna Narkoba Di RSJD Provinsi Kep. Bangka Belitung</subfield>
    </datafield>
    <datafield tag="260" ind1=" " ind2=" ">
      <subfield code="a">Jakarta</subfield>
      <subfield code="b">LAN Jakarta</subfield>
      <subfield code="c">2016</subfield>
    </datafield>
    <datafield tag="500" ind1=" " ind2=" ">
      <subfield code="a">Pelaksanaan Proyek Perubahan dengan topik Sinergitas Layanan Rehabilitasi Komprehensif rawat inap di RSJD Provinsi Kepulauan Bangka Belitung, terlaksananya advokasi terutama kepada Gubernur Provinsi Kepulauan Bangka Belitung, Ketua DPRD Provinsi Kepulauan Bangka Belitung, Kepala Dinas Kesehatan Provinsi Kepulauan Bangka Belitung dan Direktur RSJD Provinsi Kepulauan Bangka Belitung sebagai stakeholder utama.</subfield>
    </datafield>
    <datafield tag="650" ind1=" " ind2=" ">
      <subfield code="a">Sinergitas Layanan</subfield>
    </datafield>
  </record>
</collection>
